| 000 | 01460nam a22003374a 4500 | ||
|---|---|---|---|
| 001 | ebr10170790 | ||
| 003 | CaPaEBR | ||
| 006 | m u | ||
| 007 | cr cn||||||||| | ||
| 008 | 021003s2003 ctua sb 001 0 eng | ||
| 020 | _z0300092148 (alk. paper) | ||
| 040 |
_aCaPaEBR _cCaPaEBR |
||
| 035 | _a(OCoLC)228168813 | ||
| 043 | _an-us--- | ||
| 050 | 1 | 4 |
_aRC509.8 _b.L864 2003eb |
| 082 | 0 | 4 |
_a616.89/17 _221 |
| 100 | 1 | _aLunbeck, Elizabeth. | |
| 245 | 1 | 0 |
_aFamily romance, family secrets _h[electronic resource] : _bcase notes from an American psychoanalysis, 1912 / _cElizabeth Lunbeck and Bennett Simon. |
| 260 |
_aNew Haven : _bYale University Press, _cc2003. |
||
| 300 |
_axii, 333 p. : _bill. |
||
| 500 | _a"Published with the assistance of the Louis Stern Memorial Fund." | ||
| 504 | _aIncludes bibliographical references (p. 317-322) and index. | ||
| 533 |
_aElectronic reproduction. _bPalo Alto, Calif. : _cebrary, _d2013. _nAvailable via World Wide Web. _nAccess may be limited to ebrary affiliated libraries. |
||
| 600 | 1 | 0 |
_aEmerson, Louville Eugene _vNotebooks, sketchbooks, etc. |
| 650 | 0 |
_aPsychoanalysis _vCase studies. |
|
| 650 | 0 |
_aPsychoanalysis _zUnited States _xHistory _y20th century. |
|
| 655 | 7 |
_aElectronic books. _2local |
|
| 700 | 1 |
_aSimon, Bennett, _d1933- |
|
| 710 | 2 | _aebrary, Inc. | |
| 856 | 4 | 0 |
_uhttp://site.ebrary.com/lib/rucke/Doc?id=10170790 _zAn electronic book accessible through the World Wide Web; click to view |
| 999 |
_c249687 _d249687 |
||